000 00542nam a2200193Ia 4500
003 IN-BaIIA
008 211028s9999 xx 000 0 eng d
040 _cIIA Library
080 _a519.68(02)
_bSCI
100 _aGiridhar, Sunetra
245 0 _aScientific subroutine package
_cSunetra Giridhar and Kajal Ghosh
260 _aKavalur
_bKavalur Observatory
_c1985
300 _aiv, 93p.
650 _aComputer programming
650 _aNASA thesaurus
650 _aSubroutine package
_914689
700 _aGhosh, Kajal
_914690
942 _cBK
999 _c8743
_d8743